LIBRARY & INFORMATION CENTRE, KCAET, TAVANUR

ONLINE PUBLIC ACCESS CATALOGUE (OPAC)

Elements of heat engines / (Record no. 81)

MARC details
000 -LEADER
fixed length control field 00617cam a2200265ua 4500
041 ## - LANGUAGE CODE
Language code of text/sound track or separate title eng
082 ## - DEWEY DECIMAL CLASSIFICATION NUMBER
Classification number 621.4025
Item number PAN/EL
100 ## - MAIN ENTRY--AUTHOR NAME
Personal name Pandya, N C .
245 ## - TITLE STATEMENT
Title Elements of heat engines /
250 ## - EDITION STATEMENT
Edition statement 9 /
260 ## - PUBLICATION, DISTRIBUTION, ETC. (IMPRINT)
Place of publication New Delhi :
Name of publisher Charotar book stall ,
Year of publication 1990.
300 ## - PHYSICAL DESCRIPTION
Number of Pages 845 ; .
700 1# - ADDED ENTRY--PERSONAL NAME
Personal name Shah, C S .
942 ## - ADDED ENTRY ELEMENTS (KOHA)
Koha item type Books
003 - CONTROL NUMBER IDENTIFIER
control field @
003 - CONTROL NUMBER IDENTIFIER
control field OSt
Holdings
Withdrawn status Lost status Damaged status Home library Current library Date acquired Full call number Accession Number Koha item type Cost, normal purchase price Collection code Shelving location
      KAUAET KAUAET 07/04/2012 621.4025 2572 Books      
      KAUAET KAUAET 07/04/2012 621.4025 18704 Books      
Withdrawn     KAUAET KAUAET 07/04/2012 621.4025 7793 Books 17.50    
Withdrawn   Damaged KAUAET KAUAET 07/04/2012 621.4025 2539 Books      
Withdrawn     KAUAET KAUAET 07/04/2012 621.4025 7794 Books 17.50    
      KAUAET KAUAET 20/08/1986 621.4025 PAN/EL 15457 Books   Non-fiction General Stacks
      KAUAET KAUAET 11/09/2018 621.4025 PAN/EL 18477 Books     Scheme
free website counter